| 000 | 01079nam a2200301 a 4500 | ||
|---|---|---|---|
| 003 | DO-SdBNP | ||
| 005 | 20260217124832.0 | ||
| 007 | ta | ||
| 008 | 220615e2008 dr |||gr|||| 001 edspa d | ||
| 020 | _a9789945130867 | ||
| 040 |
_aDO-SdBNP _bspa _cBNPHU |
||
| 082 | 4 |
_a323.445 _bR696d 2008 _222 |
|
| 100 | 1 |
_917970 _aRodríguez, Namphi |
|
| 245 | 1 | 0 |
_aDerecho de la información: _bhacia un nuevo régimen jurídico de los medios de comunicación / _cNamphi Rodríguez; prólogo, Rafael Molina Morillo; edición, Nilda Peña |
| 250 | _a2da ed. | ||
| 260 |
_aSanto Domingo : _bMediabyte, _c2008 |
||
| 300 |
_a307 p. ; _c23 cm. |
||
| 490 | 0 | _aPrensa y derecho | |
| 500 | _aIncluye datos biográficos del autor en la solapas de las cubiertas. | ||
| 590 | _aInventariado 2022 / MF | ||
| 650 | 4 |
_aLibertad de Información _937564 |
|
| 650 | 4 |
_aLibertad de prensa _917971 _zRepública Dominicana |
|
| 700 | 1 |
_aMolina Morillo, Rafael, _d1930-1917 _ePról. _937 |
|
| 700 | 1 |
_917973 _aPeña Nilda _eed. |
|
| 830 |
_aPrensa y Derecho _917974 |
||
| 910 | _aMFeliz | ||
| 942 |
_2ddc _cLBS1 |
||
| 999 |
_c52044 _d52044 |
||